| 000 | 00671nam a22002057a 4500 | ||
|---|---|---|---|
| 003 | OSt | ||
| 005 | 20260224042425.0 | ||
| 008 | 260224b |||||||| |||| 00| 0 eng d | ||
| 020 | _a981-265-638-3. | ||
| 040 |
_aDWC-Main lib _cOC |
||
| 082 |
_22nd edition _aCirc. 910.45 M269 2006 |
||
| 100 | _aMancini, Marc | ||
| 245 |
_aCruising : _ba guide to the cruise line industry _cMarc Mancini |
||
| 260 |
_aSingapore : _bThomson Learning Asia, _cc2006. |
||
| 300 |
_axi, 212 pages : _billustration ; _c25 cm. |
||
| 504 | _aIncludes bibliographical references and index. | ||
| 650 | _a1. Cruise ships. | ||
| 650 | _a2. Ocean travel. | ||
| 942 |
_2ddc _cBK-CIRC _e2nd ed. _kCirc. _n0 |
||
| 999 |
_c8514 _d8514 |
||